000 00572nam a22002177a 4500
003 OSt
005 20140310181919.0
008 130718t xxu||||| |||| 00| 0 eng d
020 _a9780521628570
050 _aPE 1128
_b.R514 1998
082 _aTRE 428.24
_bR39 1998
100 _aRichards, Jack C.
_91426
245 _aNew interchange /
_cJack C. Richards.
260 _aUK ;
_bCambridge University Press,
_cc1998.
300 _a96 p. :
_bill. ;
_c28 cm.
521 _aFaculty
541 _j1
541 _j2
562 _e1
942 _2lcc
_cBK-TR
_kTR
999 _c6906
_d6906